000 00477nmm a2200157Ia 4500
008 251105s9999||||xx |||||||||||||||||und||
041 _aspa
100 _aMiranda Menacho, Vera Cruz
245 0 _aEl príncipe de Viana y su tiempo
264 _a[Madrid, España] :
_bSílex Ediciones,
_c2017
300 _a394 páginas
490 _aSerie Historia Medieval
650 _aHistory of Europe: Spain
856 _uhttps://public.digitaliapublishing.com/a/62978
942 _cCF
999 _c100629
_d100629